000 00434nam a2200181Ia 4500
001 4416
005 20260306145754.0
008 260306t2007||||xx |||||||||||||| ||spa||
041 _aESP
082 _a321.8
_bC93
100 _aDalla Via , Alberto Ricardo
_eAUT
245 0 _aElecciones y sistemas electorales
260 _c2007
300 _a73 páginas :
_c21 cm.
650 _aGEN
654 _aCDE
942 _cLIB
_dJUS
_fJUS
_2ddc
_n
999 _c4416
_d4416